| Tag |
First Indicator |
Second Indicator |
Subfields |
| LEADER |
00000cam a2200000Ia 4500 |
| 001 |
in00003230833 |
| 006 |
m o d |
| 007 |
cr cn||||||||| |
| 008 |
121126s2013 kyua 0b 001 0 eng d |
| 005 |
20250816212743.0 |
| 010 |
|
|
|z 2012047314
|
| 020 |
|
|
|z 0813141591 (hbk. : acid-free paper)
|
| 020 |
|
|
|z 0813141605 (epub)
|
| 020 |
|
|
|z 0813141613 (pdf)
|
| 020 |
|
|
|z 9780813141596 (hbk. : acid-free paper)
|
| 020 |
|
|
|z 9780813141602 (epub)
|
| 020 |
|
|
|z 9780813141619 (pdf)
|
| 035 |
|
|
|a (CaPaEBR)ebr10674726
|
| 040 |
|
|
|a CaPaEBR
|c CaPaEBR
|d UtOrBLW
|
| 050 |
1 |
4 |
|a HV6691
|b .S687 2013eb
|
| 082 |
0 |
4 |
|a 001.9/5
|2 23
|
| 100 |
1 |
|
|a Steers, Edward,
|c Jr.,
|d 1937-
|
| 245 |
1 |
0 |
|a Hoax :
|b Hitler's diaries, Lincoln's assassins, and other famous frauds /
|c Edward Steers, Jr. ; foreword by Joe Nickell.
|
| 264 |
|
1 |
|a Lexington, KY :
|b University Press of KY,
|c [2013]
|
| 264 |
|
4 |
|c ©2013
|
| 300 |
|
|
|a 1 online resource (xii, 235 pages) :
|b illustrations
|
| 336 |
|
|
|a text
|b txt
|2 rdacontent
|
| 337 |
|
|
|a computer
|b c
|2 rdamedia
|
| 338 |
|
|
|a online resource
|b cr
|2 rdacarrier
|
| 504 |
|
|
|a Includes bibliographical references and index.
|
| 500 |
|
|
|a Electronic resource.
|
| 650 |
|
0 |
|a Fraud
|x History.
|
| 650 |
|
0 |
|a Hoaxes
|x History.
|
| 650 |
|
0 |
|a Impostors and imposture
|x History.
|
| 655 |
|
7 |
|a Electronic books.
|2 local
|
| 710 |
2 |
|
|a ebrary, Inc.
|
| 856 |
4 |
1 |
|u https://ebookcentral.proquest.com/lib/tamucs/detail.action?docID=1144771
|y Connect to the full text of this electronic book
|t 0
|
| 980 |
|
|
|a 130409
|b 24.95
|c USD
|e 37.43
|f YBP_EBR0000058157
|g 1
|
| 999 |
f |
f |
|s bfbf5037-8945-3b2d-8cf0-6e35e42fe55d
|i ecc35448-73fe-34b3-9ebb-eb646736eb4f
|t 0
|
| 999 |
|
|
|a MARS
|
| 952 |
f |
f |
|a Texas A&M University
|b College Station
|c Electronic Resources
|d Available Online
|t 0
|e HV6691 .S687 2013eb
|h Library of Congress classification
|
| 998 |
f |
f |
|a HV6691 .S687 2013eb
|t 0
|l Available Online
|